000 02493cam a22006254i 4500
003 PE-LiUPU
005 20250731170426.0
008 190306s2015 ag a rb 000 0 spa d
020 _a9875915785
020 _a9789875915787
035 _a(Sirsi) a251900
040 _aPE-LiUPU
_bspa
_cPE-LiUPU
_erda
049 _aPRUA
082 0 4 _a150.195
_bM63
_220
100 1 _aMirotti, Miguel Angel,
_eautor.
245 1 0 _aIntroducción al estudio y práctica de los test de manchas Rorschach, Be-Ro, Zulliger /
_cMiguel Angel Mirotti.
250 _a4ta edición.
264 1 _aCórdoba:
_bBrujas,
_c2015.
300 _a496 páginas :
_bilustraciones ;
_c24 centímetros
336 _atext
_2rdacontent
337 _aunmediated
_2rdamedia
338 _avolume
_2rdacarrier
504 _aBibliografía al final de cada capítulo.
505 0 _aAdministración de la prueba -- números de respuestas y tiempos -- modos de aprehensión -- significado de los modos de aprehensión -- la forma como determinante -- el color como determinante -- fenómenos especiales relacionados con el color -- claroscuro como determinante de las respuestas -- la kinestesia como determinante -- el "tipo vivencial". Razon movimiento -- análisis del contenido de las respuestas -- frecuencia de las respuestas -- fenómenos especiales -- síndromes -- Mecanismo de defensa - velencia de las láminas -- proceso de evaluación -- otras pruebas de interpretación de manchas -- evaluación de relaciones interpersonales.
526 _aSEG68
526 _aSEG70
526 _aSEG69
526 _aSEG67
526 _aSEG43
526 _aP144
526 _aP143
526 _aP131
526 _aP122
526 _aP120
526 _aP117
526 _aP112
526 _aP110
526 _aP106
526 _aP101
526 _aP80
526 _aP59
526 _aP54
526 _aP35
526 _aP33
526 _aP30
541 _g002-00000795;
650 0 4 _aPsicología aplicada.
650 0 4 _aPruebas psicológicas.
650 0 4 _aAptitudes
_xPsicología.
910 _adbm
_bksl
_cksl
_d20190306
942 _2ddc
_cBOOK
994 _aC0
_bPEPRU
596 _a1
999 _a150.195 M63
_wDEWEY
_c31166
_i80011
_d31166
_e2019-8-13
_f2021-11-3
_g3
_lCCODEBUL1
_mBUL
_n1
_p42.26
_r0
_sY
_tBOOK
_u2019-3-6
_xSALUD
_zP33
_0COMPRA
_1FCOMPR2
_o.STAFF. Colección Ciencias de la Salud
980 _81
_gALBERTO SANCHEZ Responsable de Automatización